Teaching Yourslf Windoes. (Record no. 3771)

MARC details
000 -LEADER
fixed length control field 00345nam a22001217a 4500
005 - DATE AND TIME OF LATEST TRANSACTION
control field 20201217143920.0
008 - FIXED-LENGTH DATA ELEMENTS--GENERAL INFORMATION
fixed length control field 201217b ||||| |||| 00| 0 eng d
020 ## - INTERNATIONAL STANDARD BOOK NUMBER
International Standard Book Number 0340738235
040 ## - CATALOGING SOURCE
Transcribing agency CML
245 ## - TITLE STATEMENT
Title Teaching Yourslf Windoes.
Statement of responsibility, etc. Bride M.
260 ## - PUBLICATION, DISTRIBUTION, ETC.
Place of publication, distribution, etc. Southampton
Name of publisher, distributor, etc. Longman
Date of publication, distribution, etc. 1998
942 ## - ADDED ENTRY ELEMENTS (KOHA)
Source of classification or shelving scheme Dewey Decimal Classification
Koha item type Books
Edition 1st Edition
Classification part 004
Call number suffix BRI
Holdings
Withdrawn status Lost status Source of classification or shelving scheme Damaged status Not for loan Collection code Home library Current library Shelving location Date acquired Total Checkouts Full call number Barcode Date last seen Copy number Price effective from Koha item type
    Dewey Decimal Classification     Generalities Chalimbana Main Library Chalimbana Main Library Generalities 12/17/2020   004 BRI 9780340738238 12/17/2020 1 12/17/2020 Books

Powered by Koha